Joint venture trust issues (Record no. 84636)

MARC details
000 -LEADER
fixed length control field 00504cad a22001815a 4500
001 - CONTROL NUMBER
control field L158616
008 - FIXED-LENGTH DATA ELEMENTS--GENERAL INFORMATION
fixed length control field 150514e20150205xxk 000 0 eng d
035 ## - SYSTEM CONTROL NUMBER
System control number (Sirsi) u158616
041 0# - LANGUAGE CODE
Language code of text/sound track or separate title eng
100 1# - MAIN ENTRY--PERSONAL NAME
Personal name Hudson, Jeremy
245 00 - TITLE STATEMENT
Title Joint venture trust issues
260 ## - PUBLICATION, DISTRIBUTION, ETC.
Date of publication, distribution, etc. 2015
490 ## - SERIES STATEMENT
Series statement Estates Gazette
Volume/sequential designation (1517) 2 May 2015, 67(1)
520 ## - SUMMARY, ETC.
Summary, etc. Considers whether a constructive trust may arise between partners in a joint venture.
590 ## - LOCAL NOTE (RLIN)
Local note KA
700 1# - ADDED ENTRY--PERSONAL NAME
Personal name Francis, Edward
942 ## - ADDED ENTRY ELEMENTS (KOHA)
Suppress in OPAC 0
Holdings
Withdrawn status Lost status Source of classification or shelving scheme Damaged status Not for loan Home library Current library Shelving location Date acquired Total Checkouts Full call number Barcode Date last seen Copy number Price effective from Koha item type
    Dewey Decimal Classification     London London Journal article 14/05/2015   L158616 158616-1001 06/08/2019 1 06/08/2019 Journal article